|
|
|
|
| LEADER |
00000nab a2200000 a 4500 |
| 001 |
vtls010185027 |
| 003 |
SK-MaSNL |
| 005 |
20260305044208.0 |
| 008 |
250507c2009 xo ||||||||||||00 b|slo |
| 015 |
|
|
|a SNBRB2010/11
|2 snkbucl
|
| 035 |
|
|
|a (sysno)vtls010185027
|
| 035 |
|
|
|a urn:nbn:sk:snk-ab71ai
|
| 035 |
|
|
|a (uuid)bd597221-6f8c-4221-bf52-9182aaf3ad6c
|
| 035 |
|
|
|a (urnnbn)urn:nbn:sk:snk:ar-a06itb
|
| 038 |
|
|
|a SNKBUCL
|
| 040 |
|
|
|a SNKBUCL
|b slo
|c SNKBUCL
|e AACR2
|
| 041 |
0 |
|
|a eng
|b eng
|b cze
|
| 044 |
|
|
|a xo
|c SK
|
| 080 |
|
|
|a 631.1:[007+004]:658
|2 1997
|
| 080 |
|
|
|a 658.012.45
|2 1997
|
| 080 |
|
|
|a [007+004]:658
|2 1997
|
| 100 |
1 |
|
|a Máchal, Pavel,
|d 1948-
|4 aut
|9 175055
|
| 245 |
1 |
0 |
|a Requirements concerning functionality of the IS/IT of an agricultural enterprise
|c Pavel Máchal
|
| 246 |
3 |
1 |
|a Požadavky na funkcionalitu IS/IT zemědělského podniku
|
| 300 |
|
|
|b Tab.
|
| 504 |
|
|
|a Bibliogr. odkazy
|
| 546 |
|
|
|a Res. angl., čes.
|
| 650 |
0 |
7 |
|a poľnohospodárske podniky
|2 snkbucl
|9 4194
|
| 650 |
0 |
7 |
|a podnikové informačné systémy
|2 snkbucl
|9 68605
|
| 650 |
0 |
7 |
|a informačné technológie
|2 snkbucl
|9 1527
|
| 650 |
0 |
7 |
|a funkčnosť
|2 snkbucl
|9 1083736
|
| 773 |
0 |
|
|t Acta technologica agriculturae
|g Roč. 12, č. 2 (2009), s. 53-56
|x 1335-2555
|
| 850 |
|
|
|a Slovenská národná knižnica
|
| 852 |
|
|
|a Slovenská národná knižnica
|
| 958 |
|
|
|a article27
|
| 958 |
|
|
|a NB
|
| 958 |
|
|
|a OND
|
| 958 |
|
|
|a EUIPO
|
| 999 |
|
|
|c 3357041
|d 3358971
|